000 00965nam a22001337a 4500
999 _c531252
_d531252
008 250808b ||||| |||| 00| 0 eng d
100 _aLissner, Rebecca and Rapp-Hooper, Mira
_955996
245 _aAbsent at the creation? American strategy and the delusion of a post-Trump restoration
260 _aForeign Affairs
300 _a104(4), Jul-Aug, 2025: p.108-121
520 _aIn Donald Trump’s first go-round as U.S. president, his heterodox approach seemed to portend a dramatic transformation in American foreign policy and potentially even the end of the rules-based international order. And yet for the most part, prevailing institutions, groupings, and rules endured. Washington’s alliances held fast, U.S. adversaries advanced their interests in real but limited ways, and American power proved resilient.- Reproduced https://www.foreignaffairs.com/united-states/absent-creation-rebecca-lissner
773 _aForeign Affairs
942 _cAR